Marx, ontología del ser social
সংরক্ষণ করুন:
| প্রধান লেখক: | |
|---|---|
| বিন্যাস: | গ্রন্থ |
| ভাষা: | স্প্যানিশ |
| প্রকাশিত: |
Madrid
Akal
2007
|
| সংস্করন: | 1a. ed |
| মালা: | Básica de Bolsillo, 134
|
| বিষয়গুলি: | |
| ট্যাগগুলো: |
ট্যাগ যুক্ত করুন
কোনো ট্যাগ নেই, প্রথমজন হিসাবে ট্যাগ করুন!
|
MARC
| LEADER | 00000cam a2200000 a 4500 | ||
|---|---|---|---|
| 001 | UCE9955 | ||
| 003 | CL-VaPUC | ||
| 008 | 151112e20070000sp |||||||||||||||||spa|d | ||
| 020 | |a 9788446026631 | ||
| 082 | 0 | 4 | |a 335.3 |b LUK |2 21 |
| 100 | |a Lukács, Georg |e autor |9 375284 | ||
| 245 | 1 | 0 | |a Marx, ontología del ser social |
| 250 | |a 1a. ed | ||
| 300 | |a 223 p | ||
| 942 | |c BK | ||
| 945 | |d 20151112 20:22:00 |a dcastane | ||
| 260 | |a Madrid |b Akal |c 2007 | ||
| 650 | 7 | |a MARXISMO |2 CL-VaPUC |9 582933 | |
| 650 | 0 | |a Historia política |9 256974 | |
| 650 | 7 | |a FILOSOFIA POLITICA |2 CL-VaPUC |9 582934 | |
| 583 | |a last modification |c 20151112 20:22:00 |k Rodrigo Vera | ||
| 490 | 0 | |a Básica de Bolsillo, 134 | |
| 999 | |c 361589 |d 361587 | ||
| 952 | |0 0 |1 0 |3 erb |4 0 |6 335_300000000000000_LUK_2007 |7 0 |8 A |9 472181 |a BIBEDU |b BIBEDU |i 5249716 |o 335.3 LUK 2007 |p 5249716 |r 2019-11-24 |w 2019-11-24 |y BK |z Catalogado en:20151112 |k FIL | ||